| 000 | 00397nam a2200145Ia 4500 | ||
|---|---|---|---|
| 008 | 200103s9999||||xx |||||||||||||| ||und|| | ||
| 020 | _a8172240597 | ||
| 040 | _aIMU-MPC | ||
| 082 | _aColumn-17 | ||
| 100 | _aBronson, Gary and Menconi, Stephen | ||
| 245 | 2 | _aA first book of C: Fundamentals of C Programming | |
| 260 |
_bJaico Publishing House, Bombay _c1993 |
||
| 300 | _axvii, 430 | ||
| 942 | _cBK | ||
| 999 |
_c6137 _d6137 |
||